| 000 | 01012cam a22002895a 4500 | ||
|---|---|---|---|
| 001 | 015743759 | ||
| 003 | OSt | ||
| 005 | 20151022122939.0 | ||
| 008 | 110126t2012 at frb 000 0 eng d | ||
| 020 | _a9781111342760 (pbk.) : | ||
| 020 | _a1111342768 (pbk.) | ||
| 040 |
_aStDuBDS _beng _cStDuBDS _dUk _dEG-ScBUE |
||
| 082 | 0 | 4 |
_a351 _bPUB _222 |
| 245 | 0 | 0 |
_aPublic administration : _bclassic readings / _c[edited by] Jay M. Shafritz, Albert C. Hyde. |
| 250 | _a7th ed., International ed. | ||
| 260 |
_aSydney : _bWadsworth / Cengage Learning, _cc.2012. |
||
| 300 |
_aviii, 551 p. ; _c24 cm. |
||
| 500 | _aPrevious ed.: published as Classics of public administration. Boston, Mass.: Thomson Wadsworth, 2007. | ||
| 504 | _aIncludes bibliographical references. | ||
| 650 | 0 |
_aPublic administration. _2BUEsh |
|
| 651 | _2BUEsh | ||
| 653 |
_bBUSBOL _cOctober2015 |
||
| 655 |
_vText book _933728 |
||
| 700 | 1 |
_aShafritz, Jay M., _eeditor. |
|
| 700 | 1 |
_aHyde, Albert C., _d1946- _eeditor. |
|
| 942 |
_2ddc _k351 PUB |
||
| 999 |
_c20948 _d20920 |
||